000 00457nam a2200121Ia 4500
008 220615s9999||||xx |||||||||||||| ||und||
100 _aAthanasios C. Mitropoulos||George Kyzas
245 0 _aGranularity in Materials Science
546 _aEnglish[eng]
650 _aSurface Science||Physical Sciences||Engineering and Technology||Materials Science||Fluid Dynamics
856 _uhttps://www.intechopen.com/books/granularity-in-materials-science
942 _cEB
999 _c16669
_d16669